000 00686nam a2200289Ia 4500
005 20260324120612.0
008 008 260324s9999 xx 000 0 eng d
020 _a9780429255878
037 _aEBOOK
040 _aCRL
040 _beng
040 _cCRL
041 _2eng
041 _aeng
084 _qCRL
100 _aKim Andreasson
_91159227
245 0 _aDigital Divides
245 4 _bThe New Challenges and Opportunities of e-Inclusion
260 _bTaylor and Francis
260 _c2015
365 _a
365 _b120
856 _uhttp://www.taylorfrancis.com/books/9780429255878
942 _cEBOOK
999 _c1750844
_d1750844